| 000 | 00648nam a2200193Ia 4500 | ||
|---|---|---|---|
| 005 | 20260601193247.0 | ||
| 008 | 260601s9999||||xx |||||||||||||| ||und|| | ||
| 020 |
_a978-3-031-62058-4 _qebk |
||
| 100 | _aTomislav Volari? | ||
| 245 | 0 | _aDigital Transformation in Education and Artificial Intelligence Application | |
| 250 | _a2024 | ||
| 260 |
_aHeidelberg, Germany _bSpringer Nature _c2024 |
||
| 440 | _aCommunications in Computer and Information Science | ||
| 650 | _aComputer Science | ||
| 700 | _aBoris Crnoki? | ||
| 700 | _aDaniel Vasi? | ||
| 856 | _uhttps://link.springer.com/openurl?genre=book&isbn=978-3-031-62058-4 | ||
| 942 |
_cEB _2ddc |
||
| 999 |
_c56595 _d56595 |
||